| 000 | 00866cab a2200229 4500 | ||
|---|---|---|---|
| 001 | X77292 | ||
| 008 | 090401t1997 xxu||||| |||| 00| 0 eng d | ||
| 035 | _a(Sirsi) u77292 | ||
| 041 | _aeng | ||
| 245 | _aCharville Estates Ltd v Unipart Group Ltd | ||
| 260 | _c1997 | ||
| 350 | _a0 | ||
| 490 |
_aNew Property Cases _v1997 NPC 32 |
||
| 520 | _aQBD 7 March 1997. A landlord holding keys, who enters premises in a shopping centre, which a tenant has, in breach of covenant, left undressed, for the purpose of making the window area more attractive has not triggered a forfeiture or surrender of the lease (NB NO PHOTOCOPYING ALLOWED) | ||
| 650 | _aBREACH OF COVENANT | ||
| 650 | _aFORFEITURE | ||
| 650 | _aSHOPPING CENTRE | ||
| 650 | _aSURRENDER OF LEASE | ||
| 690 | _aLANDLORD AND TENANT-CASE LAW-BUSINESS TENANCIES | ||
| 942 | _n0 | ||
| 948 | _c21/03/1997 | ||
| 999 |
_c48603 _d48603 |
||